#1 UK Hits of the 1970s - Statistics

General Stats
  • This quiz has been taken 347 times
  • The average score is 82 of 169
Answer Stats
Year Song Artist % Correct
1978 Take a Chance on Me ABBA
98%
1977 The Name of the Game ABBA
98%
1977 Knowing Me, Knowing You ABBA
98%
1976 Dancing Queen ABBA
98%
1976 Fernando ABBA
98%
1976 Mamma Mia ABBA
98%
1974 Waterloo ABBA
98%
1979 Another Brick in the Wall (Part II) Pink Floyd
93%
1975 Bohemian Rhapsody Queen
93%
1978 Da Ya Think I'm Sexy? Rod Stewart
92%
1977 I Don't Want to Talk About It/ The First Cut is the Deepest Rod Stewart
92%
1975 Sailing Rod Stewart
92%
1972 You Wear It Well Rod Stewart
92%
1971 Reason to Believe/ Maggie May Rod Stewart
92%
1979 Tragedy Bee Gees
91%
1978 Night Fever Bee Gees
91%
1979 I Will Survive Gloria Gaynor
91%
1979 Sunday Girl Blondie
90%
1979 Heart of Glass Blondie
90%
1979 Y.M.C.A. Village People
90%
1979 Walking on the Moon The Police
88%
1979 Message in a Bottle The Police
88%
1975 Space Oddity David Bowie
86%
1970 Bridger over Troubled Waters Simon & Garfunkel
82%
1979 Video Killed the Radio Star The Buggles
78%
1971 My Sweet Lord George Harrison
77%
1977 Mull of Kintyre/ Girls' School Wings
76%
1978 Wuthering Heights Kate Bush
73%
1979 I Don't Like Mondays The Boomtown Rats
72%
1978 Rat Trap The Boomtown Rats
72%
1978 Mary's Boy Child - Oh My Lord Boney M.
70%
1978 Rivers of Babylon Boney M.
70%
1973 Merry Xmas Everybody Slade
69%
1973 Skweeze Me Pleeze Me Slade
69%
1973 Cum On Feel the Noize Slade
69%
1972 Mama Weer All Crazee Now Slade
69%
1972 Take Me Bak 'Ome Slade
69%
1971 Coz I Luv You Slade
69%
1978 Summer Nights John Travolta and Olivia Newton-John
68%
1978 You're the One That I Want John Travolta and Olivia Newton-John
68%
1978 Dreadlock Holiday 10cc
67%
1975 I'm Not in Love 10cc
67%
1973 Rubber Bullets 10cc
67%
1973 Young Love Donny Osmond
65%
1973 The Twelfth of Never Donny Osmond
65%
1972 Puppy Love Donny Osmond
65%
1974 Annie's Song John Denver
65%
1972 School's Out Alice Cooper
63%
1972 Metal Guru T. Rex
62%
1972 Telegram Sam T. Rex
62%
1971 Get It On T. Rex
62%
1971 Hot Love T. Rex
62%
1978 Three Times a Lady Commodores
60%
1974 Seasons in the Sun Terry Jacks
60%
1972 My Ding-a-Ling Chuck Berry
59%
1974 Kung Fu Fighting Carl Douglas
58%
1977 I Feel Love Donna Summer
58%
1975 Oh Boy Mud
58%
1974 Lonely This Christmas Mud
58%
1974 Tiger Feet Mud
58%
1974 You're the First, the Last, My Everything Barry White
56%
1979 We Don't Talk Anymore Cliff Richard
56%
1976 December, 1963 (Oh, What a Night) The Four Seasons
56%
1979 Cars Gary Numan
55%
1979 Ring My Bell Anita Ward
54%
1976 Don't Go Breaking My Heart Elton John & Kiki Dee
54%
1971 Baby Jump Mungo Jerry
53%
1970 In the Summertime Mungo Jerry
53%
1974 Love Me For a Reason The Osmonds
53%
1971 Knock Three Times Tony Orlando and Dawn
53%
1977 Way Down Elvis Presley
52%
1970 The Wonder of You Elvis Presley
52%
1979 Hit Me with Your Rhythm Stick Ian Dury and the Blockheads
52%
1979 Bright Eyes Art Garfunkel
51%
1975 I Only Have Eyes for You Art Garfunkel
51%
1972 Vincent Don McLean
50%
1973 Tie a Yellow Ribbon Round the Ole Oak Tree Dawn Feat. Tony Orlando
49%
1978 Figaro Brotherhood of Man
48%
1977 Angelo Brotherhood of Man
48%
1976 Save Your Kisses for Me Brotherhood of Man
48%
1976 If You Leave Me Now Chicago
48%
1977 Silver Lady David Soul
48%
1977 Don't Give Up on Us David Soul
48%
1979 When You're in Love with a Beautiful Woman Dr. Hook
48%
1975 Down Down Status Quo
48%
1977 Lucille Kenny Rogers
47%
1970 Voodoo Child Jimi Hendrix Experience
46%
1974 Devil Gate Drive Suzi Quatro
46%
1973 Can the Can Suzi Quatro
46%
1973 Blockbuster Sweet
44%
1972 Without You Nilsson
43%
1975 Stand by Your Man Tammy Wynette
43%
1974 Always Yours Gary Glitter
42%
1973 I Love You Love Me Love Gary Glitter
42%
1973 I'm the Leader of the Gang (I Am!) Gary Glitter
42%
1970 Two Little Boys Rolf Harris
41%
1975 Give a Little Love Bay City Rollers
40%
1975 Bye Bye Baby Bay City Rollers
40%
1971 Ernie (The Fastest Milkman in the West) Benny Hill
40%
1975 Hold Me Close David Essex
40%
1974 Gonna Make You a Star David Essex
40%
1970 Wand'rin' Star Lee Marvin
40%
1977 When I Need You Leo Sayer
40%
1973 Get Down Gilbert O'Sullivan
39%
1972 Clair Gilbert O'Sullivan
39%
1977 So You Win Again Hot Chocolate
39%
1972 Long Haired Lover from Liverpool Little Jimmy Osmond
39%
1970 Spirit in the Sky Norman Greenbaum
39%
1970 The Tears of a Clown Smokey Robinson and The Miracles
38%
1976 Combine Harvester (Brand New Key) The Wurzels
38%
1977 Yes Sir, I Can Boogie Baccara
37%
1973 Angel Fingers (A Teen Ballad) Wizzard
37%
1973 See My Baby Jive Wizzard
37%
1974 You Won't Find Another Fool Like Me New Seekers Feat. Lyn Paul
36%
1972 I'd Like to Teach the World to Sing (In Perfect Harmony) The New Seekers
36%
1971 I'm Still Waiting Diana Ross
35%
1974 Rock Your Baby George McCrae
34%
1974 The Streak Ray Stevens
34%
1976 Under the Moon of Love Showaddywaddy
32%
1974 Sugar Baby Love The Rubettes
32%
1979 Are "Friends" Electric? Tubeway Army
31%
1971 Grandad Clive Dunn
30%
1974 When Will I See You Again The Three Degrees
30%
1976 Excerpts From "The Roussos Phenomenon" Demis Roussos
29%
1974 Billy Don't Be a Hero Paper Lace
29%
1970 All Kinds of Everything Dana
27%
1976 When a Child Is Born Johnny Mathis
27%
1977 Float On The Floaters
27%
1974 She Charles Aznavour
26%
1977 Don't Cry for Me Argentina Julie Covington
26%
1971 Chirpy Chirpy Cheep Cheep Middle of the Road
26%
1975 January Pilot
25%
1975 Make Me Smile (Come Up and See Me) Steve Harley and Cockney Rebel
25%
1977 Chanson D'Amour The Manhattan Transfer
25%
1973 Daydreamer/ The Puppy Song David Cassidy
24%
1972 How Can I Be Sure David Cassidy
24%
1970 Love Grows (Where My Rosemary Goes) Edison Lighthouse
24%
1970 Band of Gold Freda Payne
24%
1970 I Hear You Knocking Dave Edmunds
22%
1976 Mississippi Pussycat
22%
1976 I Love to Love (But My Baby Loves to Dance) Tina Charles
22%
1974 Jealous Mind Alvin Stardust
21%
1972 Mouldy Old Dough Lieutenant Pigeon
20%
1973 Welcome Home Peters and Lee
20%
1978 Uptown Top Ranking Althea & Donna
19%
1975 D.I.V.O.R.C.E. Billy Connolly
19%
1972 Son of My Father Chicory Tip
19%
1975 If Telly Savalas
19%
1970 Yellow River Christie
18%
1975 Can't Give You Anything (But My Love) The Stylistics
17%
1975 Tears on My Pillow Johnny Nash
16%
1976 You to Me Are Everything Real Thing
16%
1975 Barbados Typically Tropic
16%
1978 Matchstalk Men & Matchstalk Cats & Dogs Brian and Michael
14%
1979 One Day at a Time Lena Martell
14%
1973 Eye Level (Theme from the Thames TV Series "Van Der Valk") Simon Park Orchestra
14%
1974 Everything I Own Ken Boothe
13%
1976 Forever and Ever Slik
13%
1977 Show You the Way to Go The Jacksons
12%
1971 Hey Girl Don't Bother Me The Tams
11%
1975 Ms Grace The Tymes
11%
1977 Free Deniece Williams
9%
1970 Woodstock Matthews' Southern Comfort
8%
1974 Sad Sweet Dreamer Sweet Sensation
8%
1971 Double Barrel Dave and Ansel Collins
7%
1972 Amazing Grace Royal Scots Dragoon Guards
7%
1975 Whispering Grass Windsor Davies and Don Estelle
7%
1976 No Charge J. J. Barrie
6%
1970 Back Home England World Cup Squad "70
0%
No matching quizzes found
Score Distribution
Percent of People with Each Score
Percentile by Number Answered
Your Score History
You have not taken this quiz